Ultimate Border Challenge By Letter - M - Statistics

General Stats
  • This quiz has been taken 62 times
    20 since last reset
  • The average score is 40 of 41
Answer Stats
Hint Answer % Correct
Montenegro Albania
100%
Mauritania Algeria
100%
Mali Algeria
100%
Morocco Algeria
100%
Myanmar Bangladesh
100%
Mexico Belize
100%
Montenegro Bosnia and Herzegovina
100%
Malaysia Brunei
100%
Mali Burkina Faso
100%
Montenegro Croatia
100%
Monaco France
100%
Mexico Guatemala
100%
Myanmar India
100%
Malaysia Indonesia
100%
Montenegro Kosovo
100%
Myanmar Laos
100%
Mozambique Malawi
100%
Mauritania Mali
100%
Mali Mauritania
100%
Morocco Mauritania
100%
Moldova Romania
100%
Mauritania Senegal
100%
Mali Senegal
100%
Montenegro Serbia
100%
Mozambique South Africa
100%
Malawi Tanzania
100%
Mozambique Tanzania
100%
Myanmar Thailand
100%
Malaysia Thailand
100%
Moldova Ukraine
100%
Mexico United States
100%
Mozambique Zambia
100%
Malawi Zambia
100%
Mozambique Zimbabwe
100%
Malawi Mozambique
94%
Morocco Spain
94%
Myanmar China
88%
Mozambique Eswatini
88%
Mali Guinea
88%
Mali Ivory Coast
88%
Mauritania Morocco
88%
No matching quizzes found
Score Distribution
Percent of People with Each Score
Percentile by Number Answered
Your Score History
You have not taken this quiz since the last reset